Kniha o vládnutí

Gespeichert in:
Bibliographische Detailangaben
1. Verfasser: Schmögnerová, Brigita
Format: Buch
Sprache:Slowakisch
Veröffentlicht: Bratislava VEDA, vydavateľstvo Slovenskej akadémie vied 2016
Schlagworte:
Tags: Tag hinzufügen
Keine Tags, Fügen Sie das erste Tag hinzu!

MARC

LEADER 00000nam a2200000 4500
001 0225409
005 20240314094341.1
020 |a 978-80-224-1496-8 
041 0 |a slo 
044 |a SK 
245 1 0 |a Kniha o vládnutí  |c Brigita Schmögnerová 
264 1 |a Bratislava  |b VEDA, vydavateľstvo Slovenskej akadémie vied  |c 2016 
300 |a 1111 s. 
610 2 0 |a politika 
610 2 0 |a vláda 
610 2 0 |a parlamenty 
610 2 0 |a strany politické 
610 2 0 |a voľby 
610 2 0 |a vývoj politický 
610 2 0 |a politika hospodárska 
610 2 0 |a dôsledky sociálne 
610 2 0 |a politika zahraničná 
610 2 0 |a politika finančná 
610 2 0 |a rozpočet štátny 
610 2 0 |a dlhy štátne 
610 2 0 |a reformy 
610 2 0 |a podnikanie 
610 2 0 |a konflikty 
610 2 0 |a kritika 
610 2 0 |a história 
610 2 0 |a osobnosť 
610 2 0 |a Slovensko 
100 1 |a Schmögnerová, Brigita